Việt Điện U Linh tập lục toàn biên : Những chuyện thần thánh xưa nhất của Việt Nam /
Na minha lista:
| Formato: | Sách giấy |
|---|---|
| Idioma: | Vietnamese |
| Publicado em: |
Sàigòn :
Sống Mới ,
|
| Assuntos: | |
| Tags: |
Adicionar Tag
Sem tags, seja o primeiro a adicionar uma tag!
|
| Thư viện lưu trữ: | Thư viện Trường Đại học Đà Lạt |
|---|
| LEADER | 00795nam a2200289 4500 | ||
|---|---|---|---|
| 001 | DLU020014194 | ||
| 005 | ##6/26/2000 | ||
| 020 | # | # | |a 978- |
| 041 | # | # | |a vie |
| 082 | # | # | |a 398.209 597 |b LY-X |
| 090 | # | # | |a 398.209 597 |b LY-X |
| 245 | # | # | |a Việt Điện U Linh tập lục toàn biên : |b Những chuyện thần thánh xưa nhất của Việt Nam / |c Ngọc Hồ, Lý Tế Xuyên |
| 260 | # | # | |a Sàigòn : |b Sống Mới , |c 0 |
| 300 | # | # | |a 222 tr.; |c 21 cm. |
| 653 | # | # | |a Sự tích |
| 653 | # | # | |a Truyện huyền thoại |
| 653 | # | # | |a Văn học cổ trung đại |
| 653 | # | # | |a Văn học Hán Nôm |
| 992 | # | # | |a 334 |
| 994 | # | # | |a DLU |
| 900 | # | # | |a False |
| 911 | # | # | |a Administrator |
| 925 | # | # | |a G |
| 926 | # | # | |a A |
| 927 | # | # | |a SH |
| 980 | # | # | |a Thư viện Trường Đại học Đà Lạt |